000 01024cab a2200361 4500
001 ABS54510
008 090401t1996 xxu||||| |||| 00| 0 eng d
035 _a(Sirsi) u10895
041 _aeng
245 _aFocus `96: Hampshire
260 _c1996
350 _a0
490 _aEstates Gazette
_v(9608) 24 February 1996, 87-133(16)
650 _aANDOVER
650 _aBASINGSTOKE
650 _aBLACKWATER VALLEY RELIEF ROAD
650 _aCINEMAS
650 _aFARNHAM
650 _aHAMPSHIRE
650 _aINDUSTRIAL MARKET
650 _aLEISURE DEVELOPMENT
650 _aPROPERTY-COMMERCIAL PROPERTY-OFFICE PROPERTY-OFFICE PROPERTY MARKET
650 _aPORTSMOUTH
650 _aPROPERTY-COMMERCIAL PROPERTY-RETAIL PROPERTY-RETAIL PROPERTY MARKET
650 _aRETAIL WAREHOUSING
650 _aSOUTHAMPTON
650 _aTOURISM
650 _aTRANSPORT ISSUES
650 _aWINCHESTER
690 _aPROPERTY-COMMERCIAL PROPERTY-COMMERCIAL PROPERTY MARKET
942 _n0
948 _c04/03/1997
999 _c6937
_d6937